| 000 | 00910nam a22002297a 4500 | ||
|---|---|---|---|
| 001 | 76329 | ||
| 003 | BD-RjUL | ||
| 005 | 20211209082828.0 | ||
| 008 | 191125s2019 bg ||||| |||| 00| 0 ben d | ||
| 020 | _a9789844350113 | ||
| 035 | _a(BD-RjUL)76550 | ||
| 040 |
_aBD-RjUL _beng _cBD-RjUL |
||
| 041 | _aben | ||
| 082 |
_223 _a954.9205092 _bQUB 2019 |
||
| 100 |
_aকাদের, ওবায়দুল _9235444 |
||
| 245 | 1 | 0 |
_aবঙ্গবন্ধু মুক্তিযুদ্ধ ও অন্যান্য / _cওবায়দুল কাদের |
| 260 |
_aঢাকা : _bঅন্বেষা প্রকাশন ; _c২০১৯ |
||
| 300 |
_a২৭৯ পৃষ্ঠা ; _c২৩ সে মি. |
||
| 600 |
_aমুজিবুর রহমান, _cশেখ, _d১৯২০-১৯৭৫ _9250561 |
||
| 600 |
_aMujibur Rahman, _cSheikh, _d1920-1975 _9250562 |
||
| 942 |
_2ddc _cBK |
||
| 999 |
_c76329 _d76329 |
||